A filozófia kis tükre. Halasy-Nagy József könyve.
Elmentve itt :
| Szerző: | |
|---|---|
| Adatforrás: | Philobibl |
| Forrásdokumentuma: | Nyugat 1934., 230-231.p. p. |
| Dokumentumtípus: | Cikk |
| Nyelv: | magyar |
| LEADER | 00293nab a2200097 c 4500 | ||
|---|---|---|---|
| 001 | bibDOK00022387 | ||
| 005 | 20200924121638.1 | ||
| 008 | 060518s1934 xx hun | ||
| 100 | 1 | |a Fülep Lajos | |
| 245 | 1 | 2 | |a A filozófia kis tükre. Halasy-Nagy József könyve. |c Fülep Lajos |
| 773 | 0 | |t Nyugat |g 1934., 230-231.p. p. | |